| LEADER | 01659nam a2200253 4500 | ||
|---|---|---|---|
| 082 | |a 530.076 |b NG527TH | ||
| 100 | |a Nguyễn Thanh Hải | ||
| 245 | |a Ôn tập và kiểm tra vật lí 9: Vật lí sơ cấp |c Nguyễn Thanh Hải, Lê Thị Thu Hà | ||
| 260 | |a Hải Phòng |b Nxb Hải Phòng |c 2005 | ||
| 300 | |a 143 tr. |c 24 cm | ||
| 520 | |a v.v... | ||
| 653 | |a Vật lí | ||
| 653 | |a Lớp 9 | ||
| 653 | |a Ôn tập | ||
| 653 | |a Kiểm tra | ||
| 942 | |2 ddc |c STK0 | ||
| 999 | |c 6862 |d 6862 | ||
| 952 | |0 0 |1 0 |2 ddc |4 0 |6 530_076000000000000_NG527TH |7 0 |8 500 |9 64254 |a qbu |b qbu |c D3 |d 2015-01-26 |g 14000 |l 1 |o 530.076 NG527TH |p 6737.c1 |r 2016-09-19 |s 2016-09-19 |w 2015-01-26 |y STK0 | ||
| 952 | |0 0 |1 0 |2 ddc |4 0 |6 530_076000000000000_NG527TH |7 0 |8 500 |9 64255 |a qbu |b qbu |c D3 |d 2015-01-26 |g 14000 |l 1 |m 1 |o 530.076 NG527TH |p 6737.c2 |r 2017-12-28 |s 2017-11-30 |w 2015-01-26 |y STK0 | ||
| 952 | |0 0 |1 0 |2 ddc |4 0 |6 530_076000000000000_NG527TH |7 0 |8 500 |9 64256 |a qbu |b qbu |c D3 |d 2015-01-26 |g 14000 |o 530.076 NG527TH |p 6737.c3 |r 0000-00-00 |w 2015-01-26 |y STK0 | ||
| 952 | |0 0 |1 0 |2 ddc |4 0 |6 530_076000000000000_NG527TH |7 0 |8 500 |9 64257 |a qbu |b qbu |c D3 |d 2015-01-26 |g 14000 |o 530.076 NG527TH |p 6737.c4 |r 0000-00-00 |w 2015-01-26 |y STK0 | ||
| 952 | |0 0 |1 0 |2 ddc |4 0 |6 530_076000000000000_NG527TH |7 0 |8 500 |9 64258 |a qbu |b qbu |c D3 |d 2015-01-26 |g 14000 |o 530.076 NG527TH |p 6737.c5 |r 0000-00-00 |w 2015-01-26 |y STK0 | ||
| 952 | |0 0 |1 0 |2 ddc |4 0 |6 530_076000000000000_NG527TH |7 0 |8 500 |9 64259 |a qbu |b qbu |c D3 |d 2015-01-26 |g 14000 |o 530.076 NG527TH |p 6737.c6 |r 0000-00-00 |w 2015-01-26 |y STK0 | ||
| 952 | |0 0 |1 0 |2 ddc |4 0 |6 530_076000000000000_NG527TH |7 0 |8 500 |9 64260 |a qbu |b qbu |c D3 |d 2015-01-26 |g 14000 |l 2 |m 2 |o 530.076 NG527TH |p 6737.c7 |r 2016-10-25 |s 2016-10-05 |w 2015-01-26 |y STK0 | ||